| 000 | 01319nam a22003137a 4500 | ||
|---|---|---|---|
| 001 | 8183 | ||
| 003 | FISKH | ||
| 005 | 20250901140551.0 | ||
| 008 | 250901b cb ||||| |||| 00| 0 eng d | ||
| 020 | _a9781905236640 | ||
| 040 |
_aFISKH _beng _cFISKH _dFISKH |
||
| 050 | _aPZ7.C35547 M | ||
| 082 | _a813.6 | ||
| 100 | _aChamberlin, Mary | ||
| 245 |
_aMama Panya's pancakes : _bA village tale from Kenya / _cWritten by Mary and Rich Chamberlin ; Illustrated by Julia Cairns |
||
| 250 | _aThis edition first published in 2006 | ||
| 260 |
_aLondon : _bBarefoot, _c2005 |
||
| 300 |
_a37 unnumbered pages : _bcolor illustrations ; _c25 cm |
||
| 505 | _aP | ||
| 520 | _aMama Panya has just enough money to buy ingredients for a few pancakes, so when her son Adika invites all their friends to join them, she is sure there will not be enough to go around. With facts about Kenya and Kiswahili. | ||
| 521 | 8 |
_a600
_bLexile |
|
| 521 | 8 |
_aP
_bRaz-Plus |
|
| 650 |
_2Sharing _aAfrica |
||
| 650 |
_2Multicultural _aCommunity |
||
| 700 | _aChamberlin, Rich | ||
| 700 |
_aCairns, Julia _dillustrator |
||
| 942 |
_2ddc _cBK _n0 |
||
| 999 |
_c8183 _d8183 |
||